| 000 | 00595nam a2200205Ia 4500 | ||
|---|---|---|---|
| 001 | 15636 | ||
| 003 | GE_BSU | ||
| 008 | 181216s||||||||xx |||||||||||||| ||und|| | ||
| 040 | _cGE_BSU | ||
| 080 | _a821.353.1-845 | ||
| 100 | _aწერეთელი, ა. (აკაკი, 1840-1915) | ||
| 245 | _aნაკვესები | ||
| 245 | _cრედ.გ.ნატროშვილი | ||
| 260 | _aთბილისი | ||
| 260 | _bსაბჭ. მწერალი | ||
| 260 | _c1951. | ||
| 300 | _a180 გვ. ; 11 სმ. | ||
| 653 | _aნაკვესები | ||
| 942 | _cBK | ||
| 999 |
_c48736 _d48736 |
||